1. The American Nightmare - Ice Nine Kills (Lyrics) - Statistics

General Stats
  • This quiz has been taken 12 times
  • The average score is 144 of 418
Answer Stats
Answer % Correct
a
88%
a
88%
bed
88%
for
88%
Getting
88%
ready
88%
the
88%
a
75%
at
75%
can
75%
David
75%
habits
75%
has
75%
important
75%
is
75%
is
75%
learn
75%
most
75%
of
75%
one
75%
regular
75%
sleep
75%
thing
75%
think
75%
time
75%
to
75%
what
75%
wonderful
75%
you
75%
are
63%
at
63%
bed
63%
Dreams
63%
Going
63%
never
63%
normal
63%
probably
63%
regular
63%
stopped
63%
time
63%
to
63%
too
63%
a
50%
A
50%
a
50%
a
50%
American
50%
American
50%
American
50%
American
50%
And
50%
and
50%
each
50%
easier
50%
it
50%
makes
50%
night
50%
nightmare
50%
nightmare,
50%
nightmare
50%
nightmare,
50%
the
50%
the
50%
The
50%
the
50%
the
50%
the
50%
the
50%
the
50%
the
50%
The
50%
the
50%
the
50%
the
50%
again
38%
age
38%
all
38%
all
38%
All
38%
American
38%
American
38%
American
38%
are
38%
asleep,
38%
awakened
38%
awakened
38%
be
38%
be
38%
beast
38%
beast
38%
bed,
38%
bed
38%
been
38%
been
38%
bodies
38%
bodies
38%
But
38%
But
38%
by
38%
can't
38%
'cause
38%
comes
38%
comes
38%
count
38%
count
38%
counting
38%
counting
38%
Craven
38%
creeping
38%
creeping
38%
cruel
38%
cruel
38%
cursed
38%
dead
38%
death
38%
die
38%
down
38%
down
38%
dream
38%
dreams
38%
dreams)
38%
dreams
38%
Early
38%
early
38%
ever
38%
evil
38%
eyes
38%
Fast
38%
fate
38%
fear
38%
fed
38%
Fell
38%
f***ing
38%
fit
38%
flames
38%
for
38%
forsaken
38%
forsaken
38%
friends
38%
from
38%
glove
38%
go
38%
golden
38%
Grave
38%
hand
38%
hand
38%
has
38%
has
38%
hate
38%
head,
38%
head
38%
heavy
38%
here
38%
here's
38%
I
38%
I
38%
I
38%
I
38%
I'm
38%
I'm
38%
I'm
38%
I'm
38%
I'm
38%
I'm
38%
I'm
38%
I'm
38%
in
38%
in
38%
in
38%
it's
38%
It's
38%
it's
38%
just
38%
just
38%
like
38%
living
38%
love
38%
lullaby
38%
man
38%
melody
38%
my
38%
my
38%
My
38%
my
38%
My
38%
name
38%
never
38%
night
38%
night
38%
nightmare
38%
nightmare,
38%
now
38%
now
38%
now
38%
Of
38%
of
38%
Of
38%
off
38%
own
38%
Past
38%
pretend
38%
Rest
38%
revenge
38%
right
38%
rock
38%
rock
38%
scream
38%
shallow
38%
sheep
38%
sheep
38%
sickening
38%
silver
38%
slashing
38%
sleep
38%
sleep
38%
sleep
38%
sleep
38%
still
38%
street
38%
(Sweet
38%
that
38%
the
38%
the
38%
the
38%
the
38%
the
38%
they
38%
They
38%
think
38%
through
38%
to
38%
to
38%
to
38%
to
38%
to
38%
to
38%
to
38%
turn
38%
was
38%
way
38%
Welcome
38%
went
38%
When
38%
when
38%
When
38%
where
38%
where
38%
while
38%
while
38%
Wicked
38%
will
38%
will
38%
with
38%
with
38%
with
38%
won't
38%
won't
38%
worst
38%
yeah
38%
yeah
38%
you
38%
you
38%
You
38%
you
38%
you
38%
You'll
38%
your
38%
your
38%
your
38%
your
38%
your
38%
age
25%
American
25%
American
25%
American
25%
dream
25%
dreams
25%
for
25%
golden
25%
I'm
25%
I'm
25%
I'm
25%
living
25%
man
25%
my
25%
nightmare
25%
nightmare,
25%
nightmare,
25%
of
25%
of
25%
scream
25%
silver
25%
slashing
25%
the
25%
the
25%
the
25%
the
25%
the
25%
the
25%
the
25%
the
25%
the
25%
the
25%
the
25%
the
25%
the
25%
the
25%
the
25%
through
25%
way
25%
you
25%
your
25%
age
13%
All
13%
American
13%
are
13%
at
13%
bodies
13%
claws
13%
claws
13%
come
13%
comes
13%
count
13%
counting
13%
creeping
13%
cruel
13%
dead
13%
do
13%
dream
13%
dreams
13%
dreams
13%
dreams
13%
eight,
13%
fate
13%
fate
13%
f***ing
13%
Five,
13%
fix
13%
four,
13%
friends
13%
get
13%
glove
13%
glove
13%
god,
13%
god,
13%
golden
13%
hand
13%
hand
13%
hand
13%
he'll
13%
his
13%
I'm
13%
I'm
13%
I'm
13%
I'm
13%
I'm
13%
I'm
13%
I'm
13%
I'm
13%
in
13%
in
13%
is
13%
is
13%
living
13%
man
13%
morgue
13%
my
13%
My
13%
my
13%
my
13%
night
13%
now
13%
Now
13%
of
13%
of
13%
Of
13%
of
13%
of
13%
One,
13%
rock
13%
scream
13%
scream
13%
scream
13%
see
13%
Seven,
13%
shake
13%
Shake
13%
sheep
13%
silver
13%
silver
13%
silver
13%
sinking
13%
sinking
13%
six,
13%
slashing
13%
sleep
13%
so
13%
so
13%
Three,
13%
through
13%
to
13%
true
13%
twisted
13%
twisted
13%
two,
13%
way
13%
When
13%
while
13%
will
13%
with
13%
yeah
13%
you
13%
you
13%
you
13%
your
13%
your
13%
Where
0%
Where
0%
No matching quizzes found
Score Distribution
Percent of People with Each Score
Percentile by Number Answered
Your Score History
You have not taken this quiz